|
|
|
|
| LEADER |
01205nam a22003017a 4500 |
| 001 |
29827 |
| 003 |
BD-DhAAL |
| 005 |
20250623101847.0 |
| 008 |
171127t2014 szua||| b||| 00| 0 eng d |
| 020 |
|
|
|a 9789221287063
|
| 020 |
|
|
|a 9789221287070(web pdf)
|
| 040 |
|
|
|a BD-DhAAL
|d BD-DhAAL
|
| 082 |
|
|
|a 331.2592095492
|2 19
|
| 100 |
|
|
|a Barket, Abul.
|9 23997
|
| 245 |
|
|
|a Skilling the workforce :
|b labour migration and skills recognition and certificate in a Bangladesh /
|c Abul Barkat and Sk. Ali Ahmed.
|
| 260 |
|
|
|a Geneva :
|b International Labour Office,
|c c2014.
|
| 300 |
|
|
|a xviii, 116 pages :
|b illustrations ;
|c 30 cm.
|
| 504 |
|
|
|a Includes bibliographical references (pages [67]-69)
|
| 526 |
|
|
|a AAL
|
| 541 |
|
|
|a Complementary copy
|e 29827
|
| 650 |
|
|
|a Occupational training
|z Bangladesh.
|9 24001
|
| 650 |
|
|
|a Skilled labor
|x Training of
|z Bangladesh.
|9 24002
|
| 650 |
|
|
|a Foreign workers, Bangladeshi.
|9 24003
|
| 700 |
|
|
|a Ahmed, Sk. Ali.
|9 24048
|
| 852 |
|
|
|a Ayesha Abed Library
|c General Stacks
|
| 942 |
|
|
|2 ddc
|c BK
|
| 999 |
|
|
|c 38654
|d 38654
|
| 952 |
|
|
|0 0
|1 0
|2 ddc
|4 0
|6 331_259209592000000_BAR
|7 0
|9 62001
|a BRACUL
|b BRACUL
|c GEN
|d 2017-11-28
|l 0
|o 331.259209592 BAR
|p 3010029827
|r 2017-11-28
|t 1
|w 2017-11-28
|y BK
|